Valuation : (Record no. 18756)
[ view plain ]
| 000 -LEADER | |
|---|---|
| fixed length control field | 00931nam a22002537a 4500 |
| 005 - DATE AND TIME OF LATEST TRANSACTION | |
| control field | 20141211122818.0 |
| 008 - FIXED-LENGTH DATA ELEMENTS--GENERAL INFORMATION | |
| fixed length control field | 141211t2002 xxua frb 001 0 eng d |
| 020 ## - INTERNATIONAL STANDARD BOOK NUMBER | |
| International Standard Book Number | 9780768682274 |
| 020 ## - INTERNATIONAL STANDARD BOOK NUMBER | |
| International Standard Book Number | 0768682274 |
| 040 ## - CATALOGING SOURCE | |
| Original cataloging agency | EG-ScBUE |
| 082 00 - DEWEY DECIMAL CLASSIFICATION NUMBER | |
| Edition number | 22 |
| Classification number | 658.15 |
| Item number | FER |
| 100 1# - MAIN ENTRY--PERSONAL NAME | |
| Personal name | Ferris, Kenneth R. |
| 9 (RLIN) | 36875 |
| 245 10 - TITLE STATEMENT | |
| Title | Valuation : |
| Remainder of title | avoiding the winner's curse / |
| Statement of responsibility, etc | Kenneth R. Ferris and Barbara S. Pécherot Petitt. |
| 260 ## - PUBLICATION, DISTRIBUTION, ETC. (IMPRINT) | |
| Place of publication, distribution, etc | Upper Saddle River, United States : |
| Name of publisher, distributor, etc | Prentice Hall, |
| Date of publication, distribution, etc | c.2002. |
| 300 ## - PHYSICAL DESCRIPTION | |
| Extent | xii, 225 p. : |
| Other physical details | tables ; |
| Dimensions | 24 cm. |
| 500 ## - GENERAL NOTE | |
| General note | Index : p. 218-225. |
| 504 ## - BIBLIOGRAPHY, ETC. NOTE | |
| Bibliography, etc | Bibliography : p. 213-217. |
| 650 #0 - SUBJECT ADDED ENTRY--TOPICAL TERM | |
| Topical term or geographic name as entry element | Corporations |
| General subdivision | Valuation |
| Form subdivision | Handbooks, manuals, etc. |
| 9 (RLIN) | 36872 |
| 650 #0 - SUBJECT ADDED ENTRY--TOPICAL TERM | |
| Topical term or geographic name as entry element | Consolidation and merger of corporations |
| Form subdivision | Handbooks, manuals, etc. |
| 9 (RLIN) | 36873 |
| 653 ## - INDEX TERM--UNCONTROLLED | |
| Resource For college | BAEPS, Business Administration |
| Arrived date list | December2014 |
| 655 ## - INDEX TERM--GENRE/FORM | |
| Form subdivision | |
| -- | 34232 |
| 700 1# - ADDED ENTRY--PERSONAL NAME | |
| Personal name | Petitt, Barbara S. PeÌcherot |
| 9 (RLIN) | 36874 |
| 942 ## - ADDED ENTRY ELEMENTS (KOHA) | |
| Source of classification or shelving scheme | Dewey Decimal Classification |
| Call number prefix | 658.15 FER |
| Withdrawn status | Item status | Source of classification or shelving scheme | Damaged status | Not for loan | Vendor | Home library | Current library | Shelving location | Date acquired | Source of acquisition | Cost, normal purchase price | Serial Enumeration / chronology | Total Checkouts | Total Renewals | Full call number | Barcode | Date last seen | Date last borrowed | Cost, replacement price | Koha item type |
|---|---|---|---|---|---|---|---|---|---|---|---|---|---|---|---|---|---|---|---|---|
| Dewey Decimal Classification | Baccah | Central Library | Central Library | First floor | 11/12/2014 | 196.00 | 20677 | 1 | 22 | 658.15 FER | 000037153 | 15/07/2025 | 17/07/2018 | 245.00 | Book - Borrowing |